[Event "Kvinde-DM 2026"]
[Site "Copenhagen"]
[Date "2026.02.12"]
[Round "3.7"]
[White "Christensen, Astrid Bigum"]
[Black "Ibsen, Metteline"]
[Result "1-0"]
[WhiteElo "1808"]
[BlackElo "1748"]
[WhiteFideId "1476564"]
[BlackFideId "1474952"]
[EventDate "2026.02.11"]
[EventType "swiss"]
[EventRounds "9"]
[EventCountry "DEN"]
[SourceTitle "Live v. Obro Skakforening"]

1. d4 d5 2. c4 e6 3. Nf3 Nf6 4. g3 dxc4 5. Bg2 c5 6. O-O Nc6 7. e3 Be7 8. Na3 O-O 9. Nxc4 Qc7 10. b3 Rd8 11. Bb2 b6 12. Qe2 Bb7 13. Rfd1 cxd4 14. exd4 Nd5 15. Rac1 Ba6 16. a3 Na5 17. Nfd2 Rac8 18. Qf3 Nxc4 19. Nxc4 Qb8 20. Ne5 Rd6 21. Qxf7+ Kh8 22. Rxc8+ Qxc8 23. Bxd5 exd5 24. Qxe7 Re6 25. Qxa7 Rf6 26. Rc1 Qb7 27. Rc7 Qxa7 28. Rxa7 Bc8 29. Ra8 Rf8 30. Nc6 h5 31. Ne7 1-0

[Event "Kvinde-DM 2026"]
[Site "Copenhagen"]
[Date "2026.02.12"]
[Round "4.1"]
[White "Derlich, Sarah Sima"]
[Black "Li, Anna Sofie"]
[Result "1-0"]
[WhiteElo "2024"]
[BlackElo "2096"]
[WhiteFideId "1469290"]
[BlackFideId "1472119"]
[EventDate "2026.02.11"]
[EventType "swiss"]
[EventRounds "9"]
[EventCountry "DEN"]
[SourceTitle "Live v. Obro Skakforening"]

1. e4 e5 2. Nf3 Nc6 3. Bc4 Nf6 4. d3 Bc5 5. O-O d6 6. c3 a6 7. Bb3 Ba7 8. Nbd2 O-O 9. h3 h6 10. Re1 Re8 11. Nf1 Be6 12. Bc2 d5 13. exd5 Bxd5 14. Be3 Bxe3 15. Rxe3 Qd6 16. Ng3 Rad8 17. Qe2 g6 18. Nd2 Nd7 19. d4 f5 20. dxe5 Ncxe5 21. f4 Qb6 22. Kh1 Qxb2 23. Nb3 Bc4 24. Qd2 Nc5 25. Qe1 Ncd7 26. Na5 Rf8 27. Nxc4 Nxc4 28. Bb3 b5 29. Rd1 Nf6 30. Rxd8 Rxd8 31. Re7 Rf8 32. Rxc7 Ne4 33. Re7 Qd2 34. Rxe4 Qd3 35. Re7 Kh8 36. Bxc4 bxc4 37. Qe5+ Kg8 38. Qg7# 1-0

[Event "Kvinde-DM 2026"]
[Site "Copenhagen"]
[Date "2026.02.12"]
[Round "4.2"]
[White "Kakulidis, Ellen"]
[Black "Andries, Leia"]
[Result "1/2-1/2"]
[WhiteElo "2061"]
[BlackElo "1931"]
[WhiteFideId "1444972"]
[BlackFideId "1469207"]
[EventDate "2026.02.11"]
[EventType "swiss"]
[EventRounds "9"]
[EventCountry "DEN"]
[SourceTitle "Live v. Obro Skakforening"]

1. d4 Nf6 2. Nf3 e6 3. g3 d5 4. Bg2 Be7 5. O-O O-O 6. c4 dxc4 7. a4 c5 8. dxc5 Qc7 9. Qc2 Bxc5 10. Bf4 Qe7 11. Qxc4 b6 12. Ne5 Bb7 13. Bxb7 Qxb7 14. b4 Be7 15. Nc3 Rc8 16. Qb3 Na6 17. Nd3 Nc7 18. Rac1 Ncd5 19. Be5 Nxc3 20. Rxc3 Nd5 21. Rcc1 Bf6 22. b5 a6 23. e4 Bxe5 24. exd5 Bf6 25. dxe6 axb5 26. exf7+ Kf8 27. axb5 Qxf7 28. Qxf7+ Kxf7 29. Kg2 Rxc1 30. Rxc1 Ra3 31. Rc7+ Ke8 32. Nb4 Rb3 33. Rc4 Be7 34. Na6 Kf7 35. Rf4+ Kg6 36. Re4 Bc5 37. Re6+ Kf7 38. Nxc5 bxc5 39. Rb6 c4 40. Rc6 Rxb5 41. Rxc4 Rb3 42. g4 h6 43. Rc6 Rb4 44. Kg3 Rb3+ 45. f3 Ra3 46. h4 Ra5 47. Rc4 Rb5 48. Rf4+ Ke6 49. Rc4 Kf7 50. Rc3 g5 51. f4 gxf4+ 52. Kxf4 Rb4+ 53. Kg3 Kg6 54. Rc6+ Kg7 55. Rc7+ Kg8 56. Kf3 Ra4 57. Re7 h5 58. gxh5 Rxh4 59. Re5 Kh7 60. Kg3 Ra4 61. Re6 Rb4 62. Rf6 Ra4 63. Rf4 Rxf4 64. Kxf4 Kh6 65. Kg4 Kh7 66. Kg5 Kg7 67. h6+ Kh7 68. Kh5 Kg8 69. Kg6 Kh8 70. h7 1/2-1/2

[Event "Kvinde-DM 2026"]
[Site "Copenhagen"]
[Date "2026.02.12"]
[Round "4.3"]
[White "Rasmussen, Victoria"]
[Black "Gronnemose, Freja Egelund"]
[Result "0-1"]
[WhiteElo "1748"]
[BlackElo "1991"]
[WhiteFideId "1487531"]
[BlackFideId "1474456"]
[EventDate "2026.02.11"]
[EventType "swiss"]
[EventRounds "9"]
[EventCountry "DEN"]
[SourceTitle "Live v. Obro Skakforening"]

1. e4 e5 2. Nf3 f5 3. Nxe5 Qf6 4. Nc4 fxe4 5. Nc3 Qf7 6. Ne3 Nf6 7. d3 Bb4 8. Bd2 O-O 9. dxe4 d5 10. Nexd5 Nxd5 11. f3 Nxc3 12. bxc3 Bc5 13. Bd3 Be6 14. Qe2 Nd7 15. f4 Rae8 16. Rf1 Bd5 17. Rb1 Bxe4 18. Bxe4 Nf6 19. Qf3 Nxe4 20. Kd1 Nxd2 21. Kxd2 Be3+ 0-1

[Event "Kvinde-DM 2026"]
[Site "Copenhagen"]
[Date "2026.02.12"]
[Round "4.4"]
[White "Peng, Li Li"]
[Black "Durrfeld, Sofie Bech"]
[Result "1-0"]
[WhiteElo "1895"]
[BlackElo "2052"]
[WhiteFideId "14132893"]
[BlackFideId "1451324"]
[EventDate "2026.02.11"]
[EventType "swiss"]
[EventRounds "9"]
[EventCountry "DEN"]
[SourceTitle "Live v. Obro Skakforening"]

1. d4 f5 2. c4 Nf6 3. Nc3 g6 4. Nf3 Bg7 5. e3 O-O 6. Be2 d6 7. d5 c6 8. O-O Kh8 9. Nd4 c5 10. Nc2 Nbd7 11. Rb1 Ne5 12. a3 g5 13. f4 gxf4 14. exf4 Ng6 15. Ne1 Ne4 16. Qd3 e5 17. dxe6 Bxe6 18. Be3 Qe7 19. Nd5 Bxd5 20. cxd5 Rae8 21. Nc2 Rg8 22. Kh1 Qh4 23. Rf3 Bf6 24. b3 Ne7 25. Bg1 Ng6 26. Rbf1 Qh6 27. Rh3 Qg7 28. Ne3 Nh4 29. g3 Re7 30. Rxh4 Bxh4 31. Nxf5 Qg6 32. Nxh4 Nxg3+ 33. hxg3 Qxg3 34. Qxg3 Rxg3 35. Nf5 1-0

[Event "Kvinde-DM 2026"]
[Site "Copenhagen"]
[Date "2026.02.12"]
[Round "4.5"]
[White "Stewart, Tanya Jill Milk"]
[Black "van den Brink, Nienke"]
[Result "0-1"]
[WhiteElo "1896"]
[BlackElo "1959"]
[WhiteFideId "1472291"]
[BlackFideId "1452568"]
[EventDate "2026.02.11"]
[EventType "swiss"]
[EventRounds "9"]
[EventCountry "DEN"]
[SourceTitle "Live v. Obro Skakforening"]

1. d4 Nf6 2. Nc3 d5 3. Bf4 g6 4. e3 Bg7 5. h4 c6 6. Bd3 h5 7. Qd2 O-O 8. f3 Re8 9. O-O-O Nbd7 10. e4 e5 11. dxe5 Nxe5 12. Bxe5 Rxe5 13. f4 Re8 14. e5 Ng4 15. Nf3 Qb6 16. Na4 Qe3 17. Rhf1 Bh6 18. Ng5 Qxd2+ 19. Rxd2 Ne3 20. Re1 Nf5 21. Rf1 Nxh4 22. g3 Bxg5 23. gxh4 Bxh4 24. Kb1 Bd8 25. Rg1 b5 26. Nc5 Bb6 27. b4 a5 28. f5 axb4 29. fxg6 Bxc5 30. gxf7+ Kxf7 31. Bg6+ Ke7 32. Bxe8 Bxg1 33. Bxc6 Ra6 34. Bxb5 Ra5 35. Bd3 d4 36. Rg2 Be3 37. Rg7+ Ke6 38. Rh7 Rxe5 39. Rc7 Bd7 40. Rb7 Bd2 41. Kb2 Bc3+ 42. Kb3 Kd6 43. Rb6+ Bc6 44. Bf1 Kc7 45. Ra6 Bd5+ 46. Ka4 Bxa2 47. Bc4 Bxc4 48. Rc6+ Kd7 49. Rd6+ Ke7 50. Rd7+ Ke6 51. Rd6+ Kf5 52. Rf6+ Ke4 53. Rf4+ Kd5 54. Rxd4+ Bxd4 0-1

[Event "Kvinde-DM 2026"]
[Site "Copenhagen"]
[Date "2026.02.12"]
[Round "4.6"]
[White "Nielsen, Pia"]
[Black "Norremark, Vinni"]
[Result "1-0"]
[WhiteElo "1586"]
[BlackElo "1646"]
[WhiteFideId "1409700"]
[BlackFideId "1425749"]
[EventDate "2026.02.11"]
[EventType "swiss"]
[EventRounds "9"]
[EventCountry "DEN"]
[SourceTitle "Live v. Obro Skakforening"]

1. c3 d5 2. d4 h6 3. Nf3 Nc6 4. Bf4 Nf6 5. Na3 Bf5 6. Nb5 e5 7. dxe5 Nh5 8. Be3 a6 9. Nbd4 Nxd4 10. cxd4 c6 11. h3 Be4 12. g4 Bb4+ 13. Bd2 Bxf3 14. exf3 Be7 15. gxh5 Qb6 16. Bc3 Bh4 17. f4 Be7 18. Qb3 Qc7 19. O-O-O Qd7 20. Bd3 b5 21. f5 Qc7 22. f4 O-O-O 23. Kb1 a5 24. Rc1 a4 25. Qd1 Kb7 26. Rh2 Ra8 27. a3 Qb6 28. Bf1 Qc7 29. Qd2 Rhf8 30. Bb4 Rfe8 31. Bxb5 Bxb4 32. Qxb4 Ka7 33. Qxa4+ Kb8 34. Qb4 Qa5 35. Qd6+ Qc7 36. Qxc7+ Kxc7 1-0

[Event "Kvinde-DM 2026"]
[Site "Copenhagen"]
[Date "2026.02.12"]
[Round "4.7"]
[White "Shekar, Diya"]
[Black "Christensen, Astrid Bigum"]
[Result "0-1"]
[WhiteElo "1558"]
[BlackElo "1808"]
[WhiteFideId "1472330"]
[BlackFideId "1476564"]
[EventDate "2026.02.11"]
[EventType "swiss"]
[EventRounds "9"]
[EventCountry "DEN"]
[SourceTitle "Live v. Obro Skakforening"]

1. d4 f5 2. Nf3 Nf6 3. Bf4 e6 4. e3 Be7 5. Bd3 O-O 6. c3 b6 7. Nbd2 Bb7 8. Qc2 a5 9. O-O Nc6 10. Rfe1 Nh5 11. Bg3 Nxg3 12. fxg3 g6 13. Rf1 d5 14. Rf2 Qd6 15. Bb5 Na7 16. Bd3 Rac8 17. Ne5 c5 18. c4 cxd4 19. exd4 Bg5 20. Re2 Ba6 21. b3 dxc4 22. bxc4 Qxd4+ 23. Kh1 Qxa1+ 24. Nb1 Nc6 25. Nf3 Nb4 26. Qb3 Nxd3 27. Nxg5 Bxc4 0-1

[Event "Kvinde-DM 2026"]
[Site "Copenhagen"]
[Date "2026.02.13"]
[Round "5.1"]
[White "Gronnemose, Freja Egelund"]
[Black "Derlich, Sarah Sima"]
[Result "1-0"]
[WhiteElo "1991"]
[BlackElo "2024"]
[WhiteFideId "1474456"]
[BlackFideId "1469290"]
[EventDate "2026.02.11"]
[EventType "swiss"]
[EventRounds "9"]
[EventCountry "DEN"]
[SourceTitle "Live v. Obro Skakforening"]

1. e4 c5 2. d4 cxd4 3. c3 Nf6 4. e5 Nd5 5. cxd4 e6 6. Nf3 d6 7. Bc4 Nc6 8. O-O Be7 9. Nc3 Nxc3 10. bxc3 O-O 11. Qc2 Bd7 12. Bd3 h6 13. Qe2 dxe5 14. dxe5 f5 15. exf6 Bxf6 16. Qe4 Qa5 17. Qh7+ Kf7 18. Bxh6 Rh8 19. Qg6+ Kg8 20. Bf4 Rf8 21. Qe4 Re8 22. Rab1 Bc8 23. Rfd1 Ne7 24. Rb5 Qxc3 25. Bc4 Nc6 26. Rc5 Qb2 27. Qg6 Kf8 28. Bd6+ Be7 29. Rf5+ 1-0

[Event "Kvinde-DM 2026"]
[Site "Copenhagen"]
[Date "2026.02.13"]
[Round "5.2"]
[White "van den Brink, Nienke"]
[Black "Kakulidis, Ellen"]
[Result "0-1"]
[WhiteElo "1959"]
[BlackElo "2061"]
[WhiteFideId "1452568"]
[BlackFideId "1444972"]
[EventDate "2026.02.11"]
[EventType "swiss"]
[EventRounds "9"]
[EventCountry "DEN"]
[SourceTitle "Live v. Obro Skakforening"]

1. e4 e5 2. Nf3 Nc6 3. d4 exd4 4. Nxd4 Bc5 5. Nb3 Bb4+ 6. c3 Be7 7. f4 Nh6 8. Be2 f5 9. e5 d6 10. exd6 Qxd6 11. Qxd6 Bxd6 12. O-O O-O 13. Na3 a6 14. Bf3 Be6 15. Nc2 Rae8 16. Bd2 Ng4 17. Ncd4 Nxd4 18. cxd4 Bxb3 19. axb3 c6 20. Rfe1 Nf6 21. g3 Kf7 22. Re5 Bxe5 23. dxe5 Nd5 24. Kf2 Ke6 25. Ke2 Rd8 26. h4 g6 27. Be1 Rd7 28. Bf2 Rfd8 29. Bc5 Ne7 30. Bd6 Rxd6 31. exd6 Rxd6 32. h5 Nc8 33. Rh1 Rd7 34. g4 Nd6 35. g5 Nb5 36. Ke3 Kd6 37. b4 Re7+ 38. Kd3 Nc7 39. hxg6 hxg6 40. Rh6 Re6 41. Rh7 b6 42. Rh8 Re8 43. Rh6 Re6 44. Rh8 a5 45. Rd8+ Ke7 46. Rb8 Rd6+ 47. Kc3 axb4+ 48. Kc2 Ne6 49. Bg2 Nxf4 50. Bf1 b5 51. Rb7+ Ke6 52. Rb8 Kd5 53. Re8 Ne6 0-1

[Event "Kvinde-DM 2026"]
[Site "Copenhagen"]
[Date "2026.02.13"]
[Round "5.3"]
[White "Li, Anna Sofie"]
[Black "Christensen, Astrid Bigum"]
[Result "0-1"]
[WhiteElo "2096"]
[BlackElo "1808"]
[WhiteFideId "1472119"]
[BlackFideId "1476564"]
[EventDate "2026.02.11"]
[EventType "swiss"]
[EventRounds "9"]
[EventCountry "DEN"]
[SourceTitle "Live v. Obro Skakforening"]

1. e4 e5 2. Nf3 Nf6 3. Nxe5 d6 4. Nf3 Nxe4 5. d4 d5 6. Bd3 Bd6 7. O-O O-O 8. c4 c6 9. Re1 Re8 10. cxd5 cxd5 11. Qc2 Nc6 12. Bxe4 dxe4 13. Rxe4 Nb4 14. Rxe8+ Qxe8 15. Qd1 Bg4 16. Nc3 Bxf3 17. gxf3 Qe6 18. f4 Qg6+ 19. Kh1 Nc2 20. Rb1 Re8 21. Bd2 Nxd4 22. Be3 Nf5 23. Bxa7 Nh4 24. Qg1 Qh5 25. Qg3 Re6 26. Qh3 Bxf4 27. Be3 Bxe3 28. fxe3 b5 29. Rd1 g6 30. Rd4 g5 31. Qg4 Qg6 32. Rd5 h5 33. Qd4 Rf6 34. Rd8+ Kh7 35. Ne2 Rf1+ 36. Ng1 Rxg1+ 37. Kxg1 Nf3+ 38. Kf2 Nxd4 39. exd4 Qf6+ 0-1

[Event "Kvinde-DM 2026"]
[Site "Copenhagen"]
[Date "2026.02.13"]
[Round "5.4"]
[White "Andries, Leia"]
[Black "Peng, Li Li"]
[Result "1-0"]
[WhiteElo "1931"]
[BlackElo "1895"]
[WhiteFideId "1469207"]
[BlackFideId "14132893"]
[EventDate "2026.02.11"]
[EventType "swiss"]
[EventRounds "9"]
[EventCountry "DEN"]
[SourceTitle "Live v. Obro Skakforening"]

1. e4 c6 2. d4 d5 3. e5 c5 4. Nf3 Nc6 5. c4 cxd4 6. Nxd4 e6 7. Nc3 Bc5 8. Nxc6 bxc6 9. cxd5 exd5 10. Bd3 Ne7 11. O-O Bf5 12. Bg5 Qd7 13. Na4 Bb6 14. Rc1 Bxd3 15. Qxd3 Ng6 16. Qc3 h6 17. Be3 d4 18. Nxb6 dxc3 19. Nxd7 cxb2 20. Rcd1 b1=Q 21. Rxb1 Kxd7 22. Rb7+ Ke6 23. f4 Ne7 24. Bc5 Rhe8 25. Bxe7 Rh8 26. Bc5 Kd5 1-0

[Event "Kvinde-DM 2026"]
[Site "Copenhagen"]
[Date "2026.02.13"]
[Round "5.5"]
[White "Durrfeld, Sofie Bech"]
[Black "Rasmussen, Victoria"]
[Result "1-0"]
[WhiteElo "2052"]
[BlackElo "1748"]
[WhiteFideId "1451324"]
[BlackFideId "1487531"]
[EventDate "2026.02.11"]
[EventType "swiss"]
[EventRounds "9"]
[EventCountry "DEN"]
[SourceTitle "Live v. Obro Skakforening"]

1. d4 c5 2. d5 Nf6 3. c4 b5 4. cxb5 a6 5. Nf3 axb5 6. Bg5 Qb6 7. e3 Bb7 8. Bxf6 Qxf6 9. Nc3 b4 10. Nb5 Na6 11. Bc4 d6 12. Qa4 Kd8 13. Qa5+ Kc8 14. Rc1 g5 15. Nfd4 Bg7 16. Nc6 Qxb2 17. O-O e6 18. Nxd6+ Kd7 19. Nxb7 Qa3 20. Qb5 exd5 21. Bxd5 Nc7 22. Qxc5 Qa6 23. Qd6+ Kc8 24. Ne7+ Kb8 25. Qxc7+ 1-0

[Event "Kvinde-DM 2026"]
[Site "Copenhagen"]
[Date "2026.02.13"]
[Round "5.7"]
[White "Ibsen, Metteline"]
[Black "Stewart, Tanya Jill Milk"]
[Result "1-0"]
[WhiteElo "1748"]
[BlackElo "1896"]
[WhiteFideId "1474952"]
[BlackFideId "1472291"]
[EventDate "2026.02.11"]
[EventType "swiss"]
[EventRounds "9"]
[EventCountry "DEN"]
[SourceTitle "Live v. Obro Skakforening"]

1. e4 c5 2. Nf3 d6 3. d4 cxd4 4. Nxd4 Nf6 5. Nc3 g6 6. Bc4 Bg7 7. h3 Nc6 8. Nf3 O-O 9. O-O a6 10. a4 Qc7 11. Be3 Bd7 12. Re1 Rfd8 13. Qd2 Na5 14. Be2 Nc4 15. Bxc4 Qxc4 16. Bb6 Rf8 17. e5 Ne8 18. Nd5 e6 19. Ne7+ Kh8 20. b3 1-0

[Event "Kvinde-DM 2026"]
[Site "Copenhagen"]
[Date "2026.02.13"]
[Round "6.1"]
[White "Kakulidis, Ellen"]
[Black "Derlich, Sarah Sima"]
[Result "1-0"]
[WhiteElo "2061"]
[BlackElo "2024"]
[WhiteFideId "1444972"]
[BlackFideId "1469290"]
[EventDate "2026.02.11"]
[EventType "swiss"]
[EventRounds "9"]
[EventCountry "DEN"]
[SourceTitle "Live v. Obro Skakforening"]

1. Nf3 d5 2. g3 Nf6 3. Bg2 e6 4. O-O Bd6 5. d4 O-O 6. c4 Nc6 7. e3 dxc4 8. Nbd2 Na5 9. Ne5 Bxe5 10. dxe5 Nd5 11. Ne4 b6 12. Bd2 Nc6 13. Qh5 Ba6 14. Rad1 Qe8 15. Nf6+ gxf6 16. exf6 Kh8 17. Qh6 Rg8 18. Be4 Rg6 19. Bxg6 Nxf6 20. Bc3 e5 21. Bf5 Qe7 22. Rd7 1-0

[Event "Kvinde-DM 2026"]
[Site "Copenhagen"]
[Date "2026.02.13"]
[Round "6.2"]
[White "Christensen, Astrid Bigum"]
[Black "Gronnemose, Freja Egelund"]
[Result "1-0"]
[WhiteElo "1808"]
[BlackElo "1991"]
[WhiteFideId "1476564"]
[BlackFideId "1474456"]
[EventDate "2026.02.11"]
[EventType "swiss"]
[EventRounds "9"]
[EventCountry "DEN"]
[SourceTitle "Live v. Obro Skakforening"]

1. d4 Nf6 2. c4 e5 3. dxe5 Ng4 4. Nf3 Bc5 5. e3 Nc6 6. Nc3 Qe7 7. Nd5 Qd8 8. Be2 O-O 9. O-O Ncxe5 10. b4 Be7 11. Bb2 Nxf3+ 12. Bxf3 Nf6 13. Qd4 d6 14. Rfe1 c5 15. Qc3 Be6 16. bxc5 Bxd5 17. Bxd5 Qc7 18. cxd6 Bxd6 19. h3 Rae8 20. Rad1 Bh2+ 21. Kh1 Be5 22. Qb3 Nxd5 23. cxd5 Bd6 24. Rc1 Qe7 25. Rc4 f5 26. f4 Qf7 27. Qd3 h6 28. Rec1 Rd8 29. Rd1 Rfe8 30. Qc3 Kh7 31. Qd3 Bb8 32. Ba3 Rxd5 33. Qxd5 Qxd5 34. Rxd5 Rxe3 35. Bd6 Bxd6 36. Rxd6 Ra3 37. Rc7 Rxa2 38. Rdd7 Kg6 39. Rxg7+ Kh5 40. Rxb7 a5 41. Rb5 Kh4 42. Rxf5 h5 43. g3+ 1-0

[Event "Kvinde-DM 2026"]
[Site "Copenhagen"]
[Date "2026.02.13"]
[Round "6.3"]
[White "van den Brink, Nienke"]
[Black "Andries, Leia"]
[Result "1-0"]
[WhiteElo "1959"]
[BlackElo "1931"]
[WhiteFideId "1452568"]
[BlackFideId "1469207"]
[EventDate "2026.02.11"]
[EventType "swiss"]
[EventRounds "9"]
[EventCountry "DEN"]
[SourceTitle "Live v. Obro Skakforening"]

1. e4 e5 2. Nf3 Nc6 3. d4 exd4 4. Nxd4 Nf6 5. Nxc6 bxc6 6. e5 Qe7 7. Qe2 Nd5 8. h4 Qe6 9. Nd2 a5 10. Nf3 Ba6 11. c4 Nb6 12. b3 Bb4+ 13. Bd2 Bxd2+ 14. Qxd2 a4 15. Bd3 d5 16. cxd5 cxd5 17. O-O Bxd3 18. Qxd3 O-O 19. Rac1 axb3 20. axb3 Ra7 21. Rc2 h6 22. Nd4 Qd7 23. Rfc1 Rc8 24. g3 Ra5 25. Qd2 Ra7 26. Kg2 Rb7 27. Qd3 Re8 28. Nc6 Ra8 29. Rc5 Qe6 30. Qd4 Ra3 31. Nd8 Qc8 32. Nxb7 Qxb7 33. Rxc7 Qb8 34. Qb4 Ra8 35. Qe7 Qe8 36. Qxe8+ Rxe8 37. Rb7 Na8 38. Ra1 Rd8 39. Raa7 1-0

[Event "Kvinde-DM 2026"]
[Site "Copenhagen"]
[Date "2026.02.13"]
[Round "6.4"]
[White "Durrfeld, Sofie Bech"]
[Black "Li, Anna Sofie"]
[Result "1-0"]
[WhiteElo "2052"]
[BlackElo "2096"]
[WhiteFideId "1451324"]
[BlackFideId "1472119"]
[EventDate "2026.02.11"]
[EventType "swiss"]
[EventRounds "9"]
[EventCountry "DEN"]
[SourceTitle "Live v. Obro Skakforening"]

1. d4 d5 2. c4 c6 3. Nf3 Nf6 4. g3 Bf5 5. Nc3 e6 6. Nh4 dxc4 7. Nxf5 exf5 8. e3 b5 9. Bg2 Bb4 10. O-O Bxc3 11. bxc3 a5 12. Qc2 g6 13. Ba3 Qc7 14. f3 Na6 15. e4 c5 16. exf5 O-O 17. Bc1 cxd4 18. cxd4 Nb4 19. Qd2 c3 20. Qg5 Qd6 21. Bf4 Qxd4+ 22. Be3 Qd8 23. Rfd1 Nfd5 24. Qh6 c2 25. Rd4 Nxe3 26. fxg6 hxg6 27. Rh4 Qd1+ 28. Bf1 Qxa1 29. Qh7# 1-0

[Event "Kvinde-DM 2026"]
[Site "Copenhagen"]
[Date "2026.02.13"]
[Round "6.5"]
[White "Peng, Li Li"]
[Black "Nielsen, Pia"]
[Result "1-0"]
[WhiteElo "1895"]
[BlackElo "1586"]
[WhiteFideId "14132893"]
[BlackFideId "1409700"]
[EventDate "2026.02.11"]
[EventType "swiss"]
[EventRounds "9"]
[EventCountry "DEN"]
[SourceTitle "Live v. Obro Skakforening"]

1. e4 c6 2. d4 d5 3. Nc3 dxe4 4. Nxe4 Bf5 5. Ng3 Bg6 6. c3 Nf6 7. h4 h6 8. Nh3 e6 9. Nf4 Bh7 10. Ngh5 Nbd7 11. g4 Qb6 12. g5 Ne4 13. Nd3 O-O-O 14. Bg2 f5 15. f3 Nd6 16. Qe2 Bg6 17. Nhf4 Bf7 18. g6 Bg8 19. h5 Re8 20. Ne5 Nxe5 21. dxe5 Nb5 22. a4 Nc7 23. Be3 c5 24. a5 Qb5 25. Qxb5 Nxb5 26. Bf1 Nc7 27. c4 Na6 28. Nd3 Nb4 29. Nxb4 cxb4 30. Bxa7 Rd8 31. Bb6 Rd7 32. Rd1 Rxd1+ 33. Kxd1 Kd7 34. Rh4 Kc6 35. Rd4 Bc5 36. Bxc5 Kxc5 37. Rd7 Kc6 38. Rxg7 Rh7 39. gxh7 Bxh7 40. Rxh7 b3 41. Rxh6 b5 42. axb6 Kxb6 43. Rxe6+ Kc5 44. Rd6 f4 45. h6 Kb4 46. h7 Ka5 47. h8=Q Kb4 48. Qb8+ Kc5 49. Qb5# 1-0

[Event "Kvinde-DM 2026"]
[Site "Copenhagen"]
[Date "2026.02.13"]
[Round "6.6"]
[White "Stewart, Tanya Jill Milk"]
[Black "Rasmussen, Victoria"]
[Result "1-0"]
[WhiteElo "1896"]
[BlackElo "1748"]
[WhiteFideId "1472291"]
[BlackFideId "1487531"]
[EventDate "2026.02.11"]
[EventType "swiss"]
[EventRounds "9"]
[EventCountry "DEN"]
[SourceTitle "Live v. Obro Skakforening"]

1. d4 c5 2. d5 Nf6 3. Nc3 g6 4. e4 d6 5. Bc4 Bg7 6. Nf3 Nbd7 7. O-O Ng4 8. h3 Nge5 9. Nxe5 Nxe5 10. Bb5+ Bd7 11. Bxd7+ Qxd7 12. Qe2 f5 13. f4 Nf7 14. exf5 Bxc3 15. bxc3 Qxf5 16. c4 O-O-O 17. Rb1 Rhe8 18. Re1 Nh6 19. g4 Qd7 20. Qe6 b6 21. Bd2 Kc7 22. Qxd7+ Kxd7 23. Re6 Rf8 24. Rbe1 Rf7 25. f5 Ng8 26. fxg6 hxg6 27. Rxg6 Rf3 28. Re3 Rf7 29. Be1 Rdf8 30. Bh4 Nf6 31. Kg2 a6 32. a4 b5 33. Bxf6 Rxf6 34. Rxf6 Rxf6 35. axb5 axb5 36. cxb5 Rf4 37. b6 Rd4 38. Rd3 Re4 39. Kf3 Re1 40. b7 Kc7 41. Re3 Rf1+ 42. Kg2 Rf7 43. Rb3 Kb8 44. Kg3 Rf1 45. Re3 Rf7 46. c4 Kxb7 47. g5 Kc7 48. h4 Kd7 49. g6 Rf1 50. h5 Ke8 51. Kg4 Rg1+ 52. Kf5 Rf1+ 53. Kg5 Kf8 54. Kh6 Rf6 1-0

[Event "Kvinde-DM 2026"]
[Site "Copenhagen"]
[Date "2026.02.13"]
[Round "6.7"]
[White "Shekar, Diya"]
[Black "Ibsen, Metteline"]
[Result "0-1"]
[WhiteElo "1558"]
[BlackElo "1748"]
[WhiteFideId "1472330"]
[BlackFideId "1474952"]
[EventDate "2026.02.11"]
[EventType "swiss"]
[EventRounds "9"]
[EventCountry "DEN"]
[SourceTitle "Live v. Obro Skakforening"]

1. d4 Nf6 2. Nf3 d5 3. Bf4 c5 4. e3 Nc6 5. c3 cxd4 6. cxd4 e6 7. Bd3 Qb6 8. b3 Bb4+ 9. Nbd2 Bd7 10. O-O Nh5 11. Bg3 Nxg3 12. fxg3 O-O 13. Qe2 Rae8 14. e4 Nxd4 15. Qf2 Bc5 16. Kh1 Nxb3 17. Qe2 Nxa1 18. Rxa1 f5 19. Ne5 Qd6 20. exd5 exd5 21. Re1 Bb4 0-1

[Event "Kvinde-DM 2026"]
[Site "Copenhagen"]
[Date "2026.02.14"]
[Round "7.1"]
[White "Kakulidis, Ellen"]
[Black "Durrfeld, Sofie Bech"]
[Result "1-0"]
[WhiteElo "2061"]
[BlackElo "2052"]
[WhiteFideId "1444972"]
[BlackFideId "1451324"]
[EventDate "2026.02.11"]
[EventType "swiss"]
[EventRounds "9"]
[EventCountry "DEN"]
[SourceTitle "Live v. Obro Skakforening"]

1. d4 Nf6 2. Nf3 e6 3. g3 b5 4. a4 b4 5. c4 bxc3 6. Nxc3 Na6 7. Bg2 Bb7 8. O-O Be7 9. Re1 d5 10. Bf4 O-O 11. Qb3 Nb4 12. Rec1 c5 13. dxc5 a5 14. Nb5 Ne4 15. Bc7 Qc8 16. Bd6 Bxd6 17. cxd6 Qd8 18. d7 Bc6 19. Ne5 Bxb5 20. axb5 f6 21. Nc6 Qxd7 22. Nxb4 axb4 23. Rxa8 Rxa8 24. Bxe4 dxe4 25. Qxb4 Rb8 26. b6 e3 27. fxe3 Qb7 28. Rc7 Qd5 29. b7 Qd1+ 30. Kf2 Qh1 31. Rc8+ Kf7 32. Qf8+ Kg6 33. Rxb8 Qxh2+ 34. Ke1 Qh1+ 35. Kd2 Qd5+ 36. Kc1 Qh1+ 37. Kc2 Qe4+ 38. Kb3 Qd5+ 39. Kb4 Qd2+ 40. Ka4 Qd7+ 41. Ka3 Qd1 42. Rd8 Qa1+ 43. Kb3 1-0

[Event "Kvinde-DM 2026"]
[Site "Copenhagen"]
[Date "2026.02.14"]
[Round "7.2"]
[White "Derlich, Sarah Sima"]
[Black "Christensen, Astrid Bigum"]
[Result "1-0"]
[WhiteElo "2024"]
[BlackElo "1808"]
[WhiteFideId "1469290"]
[BlackFideId "1476564"]
[EventDate "2026.02.11"]
[EventType "swiss"]
[EventRounds "9"]
[EventCountry "DEN"]
[SourceTitle "Live v. Obro Skakforening"]

1. e4 e5 2. Nf3 Nf6 3. Nxe5 d6 4. Nf3 Nxe4 5. d4 d5 6. Bd3 Bd6 7. O-O O-O 8. Re1 Re8 9. c4 c6 10. Nc3 Nxc3 11. bxc3 Bg4 12. Bg5 f6 13. Bh4 Nd7 14. Qb3 Qb6 15. Qc2 Nf8 16. c5 Bxc5 17. dxc5 Qxc5 18. Nd4 b5 19. Qd2 Bh5 20. Bg3 Bg6 21. Nf5 Kh8 22. Bd6 Qb6 23. Qf4 Ne6 24. Qg3 c5 25. h4 c4 26. h5 Bxf5 27. Bxf5 Ng5 28. h6 g6 29. Bc2 a5 30. Qf4 Rf8 31. Bxf8 Rxf8 32. Re7 Ne6 33. Qe3 Nc5 34. Re8 Qd6 35. Rxf8+ Qxf8 36. Re1 b4 37. Qxc5 1-0